000 00416 a2200145 4500
999 _c7575
_d7575
020 _a0335208517
050 _aHM836EDM2002
100 _aEdmunds, June
245 _aGenerations,culture and society /
_cJune Edmunds and Bryan S Turner
264 _aBuckingham
_bOpen University Press
_c2002
300 _a141p.
500 _aIncludes index
650 _aSocial Change-- Social Aspects
942 _2lcc
_cBK
_h836
_iEDM
_kHM